Vista normal
Vista MARC
Entrada Personal Name
Número de registros utilizados en: 1
001 - CONTROL NUMBER
- control field: 16703
003 - CONTROL NUMBER IDENTIFIER
- control field: DLC
005 - DATE AND TIME OF LATEST TRANSACTION
- control field: 20250204152534.0
008 - FIXED-LENGTH DATA ELEMENTS
- fixed length control field: 900606n| acannaab| |n aaa |||
010 ## - LIBRARY OF CONGRESS CONTROL NUMBER
- LC control number: n 90654076
040 ## - CATALOGING SOURCE
- Original cataloging agency: DLC
- Transcribing agency: Mx-PuUPA
- Language of cataloging: spa
- Modifying agency: Mx-PuUPA
- Description conventions: rda
100 10 - HEADING--PERSONAL NAME
- Personal name: Krims, Adalbert,
374 ## - OCCUPATION
- Occupation: Autor
375 ## - GENDER
- Gender: hombre
377 ## - ASSOCIATED LANGUAGE
- Language code: eng
670 ## - SOURCE DATA FOUND
- Source citation: nuc89-98518: His Wojtyla, Politik und Programm des Papstes, 1982
- Information found: (hdg. on NjP rept.: Krims, Adalbert; usage: Adalbert Krims)
670 ## - SOURCE DATA FOUND
- Source citation: LC data base, 06-06-90
- Information found: (hdg.: Krims, Adalbert)